| 000 | 00646 a2200193 4500 | ||
|---|---|---|---|
| 999 |
_c8266 _d8266 |
||
| 020 | _a9788131759202 | ||
| 050 | 0 | 0 | _aHG 4529 RAN 2012 |
| 100 | 1 |
_aRanganatham, M _eauthor |
|
| 245 | 1 | 0 |
_aSecurity analysis and portfolio management / _cM, Ranganatham and R. Madhumathi |
| 250 | _a2nd ed. | ||
| 264 |
_aIndia : _bDorling Kindersley Pvt Ltd, _c2012 |
||
| 300 |
_a766p. _bill. |
||
| 500 | _aIncludes bibliographical references and index | ||
| 504 | _aIncludes bibliographical references and index | ||
| 650 | 0 | _aInvestment analysis. | |
| 650 | 0 | _aPortfolio management. | |
| 700 | 1 |
_aMadhumathi, R _eauthor |
|
| 942 |
_2lcc _cBK _e2nd ed. _h4521 _iRAN _kHG |
||